000 00234nam a2200097Ia 4500
005 20251222114406.0
008 251222s1900||||xx |||||||||||||| ||spa||
082 _aDVD0090/S31/2005
245 0 _aNo direction home: Bob Dylan:
942 _cDVD
999 _c1849
_d1849